<?xml version="1.0" encoding="UTF-8"?>
<record
    xmlns:xsi="http://www.w3.org/2001/XMLSchema-instance"
    xsi:schemaLocation="http://www.loc.gov/MARC21/slim http://www.loc.gov/standards/marcxml/schema/MARC21slim.xsd"
    xmlns="http://www.loc.gov/MARC21/slim">

  <leader>00503nam a22001817a 4500</leader>
  <controlfield tag="003">3228</controlfield>
  <controlfield tag="005">20250910152037.0</controlfield>
  <controlfield tag="008">250910b        sa ||||| |||| 00| 0 eng d</controlfield>
  <datafield tag="020" ind1=" " ind2=" ">
    <subfield code="a">9781743218617</subfield>
  </datafield>
  <datafield tag="040" ind1=" " ind2=" ">
    <subfield code="c">3228</subfield>
  </datafield>
  <datafield tag="041" ind1=" " ind2=" ">
    <subfield code="2">E</subfield>
  </datafield>
  <datafield tag="082" ind1=" " ind2="0">
    <subfield code="a">917.304932</subfield>
  </datafield>
  <datafield tag="100" ind1=" " ind2=" ">
    <subfield code="d">Regis St Louis</subfield>
  </datafield>
  <datafield tag="245" ind1=" " ind2=" ">
    <subfield code="a">Lonely planet. USA,</subfield>
  </datafield>
  <datafield tag="260" ind1=" " ind2=" ">
    <subfield code="a">Footscray, Victoria, </subfield>
    <subfield code="b"> Lonely Planet Publications Pty. Ltd., </subfield>
    <subfield code="c">2016</subfield>
  </datafield>
  <datafield tag="300" ind1=" " ind2=" ">
    <subfield code="a"> 1,213 pages : </subfield>
    <subfield code="b">illustrations (chiefly color) ; </subfield>
    <subfield code="c">20 cm</subfield>
  </datafield>
  <datafield tag="942" ind1=" " ind2=" ">
    <subfield code="2">ddc</subfield>
    <subfield code="c">BOOK</subfield>
    <subfield code="w">571</subfield>
    <subfield code="x">Veronica Machate</subfield>
    <subfield code="y">571</subfield>
    <subfield code="z">Veronica Machate</subfield>
  </datafield>
  <datafield tag="999" ind1=" " ind2=" ">
    <subfield code="c">785308</subfield>
    <subfield code="d">785307</subfield>
  </datafield>
  <datafield tag="952" ind1=" " ind2=" ">
    <subfield code="0">0</subfield>
    <subfield code="1">0</subfield>
    <subfield code="2">ddc</subfield>
    <subfield code="4">0</subfield>
    <subfield code="7">0</subfield>
    <subfield code="8">900</subfield>
    <subfield code="a">HLHLL</subfield>
    <subfield code="b">HLHLL</subfield>
    <subfield code="c">GEN</subfield>
    <subfield code="d">2025-09-10</subfield>
    <subfield code="l">0</subfield>
    <subfield code="o">917.304932</subfield>
    <subfield code="p">3300610006741</subfield>
    <subfield code="r">2025-09-10</subfield>
    <subfield code="w">2025-09-10</subfield>
    <subfield code="y">BOOK</subfield>
  </datafield>
</record>
